| 000 | 00752nam a2200289Ia 4500 | ||
|---|---|---|---|
| 001 | 7336 | ||
| 005 | 20240113234009.0 | ||
| 007 | ta | ||
| 008 | 050706s1976 a g b000 u hin u | ||
| 020 | _cHB | ||
| 040 | _aCotton College Assam | ||
| 041 | _ahin | ||
| 082 |
_a891.43109 _bSi 61 Ke |
||
| 100 | _aSingh, Vijay Pal. | ||
| 245 | 0 |
_aKeshav ki Kavya-Chetana / _cVijay Pal Singh. _hTextual Documents |
|
| 250 | _a1st ed. / | ||
| 260 |
_aDelhi : _bRajpal & Sons , _c1976. |
||
| 300 |
_a127p. : _bill. ; _c21cm . |
||
| 653 | _aHindi Literature-Criticism | ||
| 653 | _aHindi poetry-Criticism | ||
| 653 | _aG-Hindi | ||
| 653 | _aGen-Hindi | ||
| 942 |
_2ddc _cBK |
||
| 999 |
_c7323 _d7323 |
||